[Event "Rated Blitz tournament OMkBLXKX"]
[Site "?"]
[Date "2021.05.17"]
[Round "?"]
[White "VolodymyrMolyboha"]
[Black "VVV-31"]
[Result "1-0"]
[WhiteElo "2451"]
[BlackElo "2315"]
[PlyCount "129"]
[EventDate "2021.??.??"]
[EventType "blitz"]

1. e4 e5 2. Nf3 d5 3. Nxe5 Bd6 4. d4 dxe4 5. Nc4 Nf6 6. Be2 O-O 7. c3 h6 8. O-O
Bf5 9. f3 Bg6 10. Nbd2 exf3 11. Nxf3 Nc6 12. Nh4 Be4 13. Nf5 Bxf5 14. Rxf5 Ne7
15. Rf1 Ng6 16. Bf3 c6 17. Nxd6 Qxd6 18. Be3 Rae8 19. Qd2 Ne4 20. Qd3 f5 21.
Rae1 Kh7 22. Bc1 Nh4 23. Bxe4 fxe4 24. Rxe4 Qg6 25. Re3 Rxe3 26. Qxg6+ Nxg6 27.
Bxe3 Rxf1+ 28. Kxf1 Ne7 29. Ke2 Kg6 30. Kf3 Kf5 31. g4+ Ke6 32. Ke4 Nd5 33. c4
Nf6+ 34. Kf3 g5 35. h3 a6 36. b3 b5 37. h4 gxh4 38. Bxh6 bxc4 39. bxc4 Ne8 40.
Bf4 Nf6 41. Bh2 Nh7 42. Kf4 Nf8 43. Kg5 h3 44. Kh4 Kf6 45. Kxh3 Kg5 46. d5 cxd5
47. cxd5 Nd7 48. Bg3 Kf6 49. Bf4 Nc5 50. Kh4 Nd3 51. Bg3 Nc5 52. Kh5 Ne4 53.
Bf4 Kg7 54. Be5+ Kf7 55. g5 Nc5 56. g6+ Kg8 57. Kg4 Nd3 58. Kf5 Nc5 59. d6 a5
60. Bd4 Nb7 61. d7 a4 62. Ke6 Nd8+ 63. Kd6 Nb7+ 64. Kc7 Na5 65. d8=Q# {Normal}
1-0

[Event "Rated Blitz game"]
[Site "?"]
[Date "2021.05.17"]
[Round "?"]
[White "morischwilli"]
[Black "DarthZannah"]
[Result "1-0"]
[WhiteElo "2508"]
[BlackElo "2523"]
[PlyCount "101"]
[EventDate "2021.??.??"]
[EventType "blitz"]

1. e4 e5 2. Nf3 d5 3. Nxe5 dxe4 4. Bc4 Qg5 5. d4 Qxg2 6. Rf1 Be6 7. Bxe6 fxe6
8. Nc3 c6 9. Qg4 Qxg4 10. Nxg4 Nf6 11. Nxf6+ gxf6 12. Nxe4 Be7 13. Bf4 Nd7 14.
Rg1 Kf7 15. O-O-O Rhg8 16. Rg3 Rg6 17. Rdg1 Rag8 18. Kd2 Nb6 19. Ke2 Nd5 20.
Bd2 b5 21. c3 a5 22. h4 h5 23. Kf3 a4 24. b3 axb3 25. axb3 Rxg3+ 26. fxg3 Ra8
27. c4 bxc4 28. bxc4 Nb6 29. Rc1 Ra4 30. c5 Nd5 31. Nd6+ Bxd6 32. cxd6 Rxd4 33.
Ba5 Ra4 34. d7 Ra3+ 35. Kf2 Ra2+ 36. Kg1 Rxa5 37. d8=Q Ra3 38. Rxc6 Rxg3+ 39.
Kf2 Rg4 40. Qd7+ Kg6 41. Qxe6 Rf4+ 42. Kg3 Rg4+ 43. Kf3 Rf4+ 44. Ke2 Rf5 45.
Qg8+ Kh6 46. Qh8+ Kg6 47. Qg8+ Kh6 48. Rd6 Nf4+ 49. Kd2 Ng6 50. Rd7 Re5 51.
Rh7# {Normal} 1-0

[Event "Rated Blitz game"]
[Site "?"]
[Date "2021.05.17"]
[Round "?"]
[White "morischwilli"]
[Black "DarthZannah"]
[Result "1-0"]
[WhiteElo "2508"]
[BlackElo "2523"]
[PlyCount "101"]
[EventDate "2021.??.??"]
[EventType "blitz"]

1. e4 e5 2. Nf3 d5 3. d4 dxe4 4. Nxe5 Nd7 5. Bf4 Ngf6 6. Nc3 Bd6 7. Bc4 O-O 8.
O-O Nb6 9. Bb3 c6 10. Re1 Nbd5 11. Bg3 Bf5 12. Ne2 e3 13. c4 exf2+ 14. Bxf2 Nb4
15. Ng3 Bg6 16. a3 Na6 17. Qf3 Nc7 18. Rad1 Ne6 19. h4 h5 20. Nxg6 fxg6 21. c5
Ng4 22. Bxe6+ Kh7 23. Bxg4 Rxf3 24. Bxf3 Be7 25. Ne4 Bxh4 26. g3 Be7 27. Kg2 g5
28. Bxh5 g6 29. Bf3 Qd7 30. Rh1+ Kg7 31. d5 cxd5 32. Bd4+ Kf7 33. Nc3 Rf8 34.
Rde1 Ke8 35. Rh7 Rf7 36. Rxf7 Kxf7 37. Bxd5+ Kf8 38. Rf1+ Ke8 39. Rf7 Qg4 40.
Bf2 Qd7 41. Rh7 Qf5 42. Bd4 Qc2+ 43. Kh3 Qxb2 44. c6 bxc6 45. Bxc6+ Kd8 46.
Rxe7 Qxa3 47. Rd7+ Kc8 48. Nd5 Qd3 49. Ne7+ Kb8 50. Be5+ Qd6 51. Bxd6# {Normal}
1-0

[Event "Rated Blitz game"]
[Site "?"]
[Date "2021.05.17"]
[Round "?"]
[White "Albertstainit"]
[Black "Roberto_Baggio1978"]
[Result "0-1"]
[WhiteElo "2475"]
[BlackElo "2516"]
[PlyCount "42"]
[EventDate "2021.??.??"]
[EventType "blitz"]

1. e4 e5 2. Nf3 d5 3. exd5 e4 4. Ne5 Qxd5 5. d4 exd3 6. Nxd3 Nf6 7. Nc3 Qf5 8.
Be2 Bd6 9. Be3 Nc6 10. Qd2 Be6 11. O-O-O O-O-O 12. Kb1 Qa5 13. Bf3 Ne5 14. Be2
Nc4 15. Qc1 Ba3 16. Bd2 Rxd3 17. cxd3 Bxb2 18. Qc2 Na3+ 19. Kxb2 Nxc2 20. Kxc2
Nd5 21. Nxd5 Qxa2+ {Normal} 0-1

[Event "Rated Blitz game"]
[Site "?"]
[Date "2021.05.17"]
[Round "?"]
[White "Amir_iranian"]
[Black "Fantastic_power06"]
[Result "0-1"]
[WhiteElo "2633"]
[BlackElo "2669"]
[PlyCount "110"]
[EventDate "2021.??.??"]
[EventType "blitz"]

1. e4 e5 2. Nf3 d5 3. exd5 e4 4. Qe2 Nf6 5. d3 Qxd5 6. Nc3 Bb4 7. Bd2 Bxc3 8.
Bxc3 O-O 9. dxe4 Nxe4 10. Bd4 Nc6 11. Be3 Bg4 12. Qc4 Qa5+ 13. c3 Bxf3 14. gxf3
Nd6 15. Qb3 Rfe8 16. Bd3 Ne5 17. Be2 Nf5 18. O-O-O Nxe3 19. fxe3 Ng6 20. e4 Nf4
21. Bc4 Re7 22. Qxb7 Rf8 23. Qb5 Qb6 24. Qxb6 axb6 25. Rhg1 Ng6 26. Rd5 Nf4 27.
Rf5 Ng6 28. Rg4 Rd8 29. h4 Ne5 30. Bb3 g6 31. Rxe5 Rxe5 32. Bd5 Kg7 33. Kc2 h5
34. Rg1 Rd6 35. b4 c6 36. Bc4 Re7 37. Re1 Ra7 38. f4 Rd8 39. e5 b5 40. Bb3 Rad7
41. Rg1 Rd2+ 42. Kc1 Rf2 43. Re1 Rxf4 44. Kc2 Rf2+ 45. Kc1 Re8 46. e6 fxe6 47.
Rd1 Rf7 48. Rd6 e5 49. Rxc6 Rf1+ 50. Kd2 e4 51. Ke2 Rh1 52. Rc7+ Kh6 53. Bf7
Rh2+ 54. Ke3 Rf8 55. Rc6 Rh3+ {Time forfeit} 0-1

[Event "Rated Rapid game"]
[Site "?"]
[Date "2021.05.17"]
[Round "?"]
[White "BisqueurFou"]
[Black "Delyvj"]
[Result "1-0"]
[WhiteElo "2463"]
[BlackElo "2420"]
[PlyCount "95"]
[EventDate "2021.??.??"]
[EventType "rapid"]

1. e4 e5 2. Nf3 d5 3. Nxe5 dxe4 4. d4 exd3 5. Bxd3 Nd7 6. Qe2 Be7 7. O-O Ngf6
8. Re1 Nxe5 9. Qxe5 Be6 10. Nc3 O-O 11. Bg5 h6 12. Bh4 Qd6 13. Qe2 c6 14. Rad1
Qf4 15. Bg3 Qg4 16. f3 Qb4 17. Be5 Rfe8 18. Kh1 Rad8 19. Qf2 a5 20. Ne4 Nxe4
21. Rxe4 Qc5 22. Qg3 Bf8 23. Bc3 Qg5 24. Qc7 Bf5 25. Rxe8 Rxe8 26. Qxa5 Bxd3
27. Qxg5 hxg5 28. Rxd3 Re2 29. g3 Bc5 30. Rd2 Re1+ 31. Kg2 Kh7 32. Kh3 Kg6 33.
Rd6+ Bxd6 34. Bxe1 Kf5 35. Kg2 Ke6 36. Kf2 Kd5 37. Ke3 f5 38. h3 c5 39. h4 gxh4
40. gxh4 g6 41. b3 b5 42. Kd3 c4+ 43. Ke3 f4+ 44. Kd2 Bb4+ 45. Ke2 cxb3 46.
axb3 Bd6 47. Bd2 b4 48. Kd3 {Time forfeit} 1-0

[Event "Rated Blitz game"]
[Site "?"]
[Date "2021.05.17"]
[Round "?"]
[White "RaffaelloSanti"]
[Black "Taabling"]
[Result "1-0"]
[WhiteElo "2649"]
[BlackElo "2441"]
[PlyCount "77"]
[EventDate "2021.??.??"]
[EventType "blitz"]

1. e4 e5 2. Nf3 d5 3. d3 Nc6 4. exd5 Qxd5 5. Be2 Bf5 6. Nc3 Qd7 7. O-O O-O-O 8.
a3 Nge7 9. b4 f6 10. b5 Nd4 11. Nxd4 exd4 12. Ne4 Qxb5 13. Bf3 Nd5 14. Ng3 Bg6
15. Bd2 c6 16. Rb1 Qa4 17. Re1 Bc5 18. Ne4 Bb6 19. h4 Rhe8 20. h5 Bf7 21. h6 g6
22. g3 f5 23. Ng5 Bg8 24. Rxe8 Rxe8 25. Bxd5 Bxd5 26. Nxh7 Qxa3 27. Nf6 Rd8 28.
Nxd5 cxd5 29. Qe2 Qd6 30. Bf4 Qf6 31. h7 Qh8 32. Qe6+ Rd7 33. Qg8+ Rd8 34. Qxg6
Rf8 35. Qe6+ Kd8 36. Qxd5+ Kc8 37. Qd6 Rd8 38. Qb8+ Kd7 39. Qxb7+ {Normal} 1-0

[Event "Rated Blitz game"]
[Site "?"]
[Date "2021.05.17"]
[Round "?"]
[White "kivanchaznedaroglu"]
[Black "Fantastic_power06"]
[Result "0-1"]
[WhiteElo "2627"]
[BlackElo "2689"]
[PlyCount "52"]
[EventDate "2021.??.??"]
[EventType "blitz"]

1. e4 e5 2. Nf3 d5 3. Nxe5 Bd6 4. d4 dxe4 5. Nc4 Nc6 6. Nxd6+ Qxd6 7. Be3 Nf6
8. Be2 Bf5 9. c4 O-O-O 10. d5 Ne5 11. O-O Neg4 12. g3 h5 13. Bf4 Qe7 14. Qa4
Kb8 15. h4 e3 16. f3 Nf2 17. Nc3 Nh3+ 18. Kg2 Nxf4+ 19. gxf4 Rh6 20. Rh1 Rg6+
21. Kf1 a6 22. Rd1 Qd6 23. Rd4 c5 24. Rd1 Qxf4 25. Qa5 Rc8 26. Na4 Qg3 {Normal}
0-1

[Event "Rated Blitz game"]
[Site "?"]
[Date "2021.05.17"]
[Round "?"]
[White "SCORPIO_2021"]
[Black "annaly1979"]
[Result "0-1"]
[WhiteElo "2437"]
[BlackElo "2419"]
[PlyCount "88"]
[EventDate "2021.??.??"]
[EventType "blitz"]

1. e4 e5 2. Nf3 d5 3. Nxe5 Qe7 4. d4 f6 5. Nd3 Nc6 6. c3 Bf5 7. Be2 Bxe4 8. O-O
Qf7 9. Bf3 Bd6 10. Nf4 Nge7 11. Nd2 f5 12. Nb3 g5 13. Bh5 Ng6 14. Nd3 f4 15. f3
Bxd3 16. Re1+ Kd7 17. Qxd3 Rae8 18. Bg4+ Kd8 19. Bd2 Rhf8 20. a4 Nh4 21. Rxe8+
Rxe8 22. Re1 Rxe1+ 23. Bxe1 h5 24. Bh3 Ng6 25. Bf5 Nce7 26. Bxg6 Nxg6 27. Bf2
c6 28. Kf1 g4 29. Nc5 Bxc5 30. dxc5 Kd7 31. a5 a6 32. Qd4 Qe7 33. Qb4 Kc8 34.
Qd4 Qe5 35. b4 Kd7 36. fxg4 hxg4 37. h4 Qxd4 38. cxd4 g3 39. h5 Nf8 40. Bg1 Ke6
41. Ke2 Kf5 42. Kf3 Ne6 43. h6 Ng5+ 44. Ke2 Kg6 {Time forfeit} 0-1

[Event "Rated Blitz game"]
[Site "?"]
[Date "2021.05.17"]
[Round "?"]
[White "Oleg114"]
[Black "kondratev08"]
[Result "0-1"]
[WhiteElo "2517"]
[BlackElo "2378"]
[PlyCount "42"]
[EventDate "2021.??.??"]
[EventType "blitz"]

1. e4 e5 2. Nf3 d5 3. exd5 e4 4. Qe2 Nf6 5. Nc3 Be7 6. Nxe4 O-O 7. d3 Nxd5 8.
Qd1 f5 9. Ng3 g5 10. Be2 Nc6 11. d4 f4 12. Ne4 Bf5 13. Bd3 Ndb4 14. O-O Nxd3
15. cxd3 Nxd4 16. Nxd4 Qxd4 17. Qb3+ Rf7 18. Qxb7 Rd8 19. Qxc7 Bxe4 20. dxe4
Bc5 21. Qa5 Qxf2+ {Normal} 0-1

[Event "Rated Blitz game"]
[Site "?"]
[Date "2021.05.17"]
[Round "?"]
[White "minecraft_storify"]
[Black "KinzyabulatovRenat"]
[Result "1-0"]
[WhiteElo "2544"]
[BlackElo "2434"]
[PlyCount "35"]
[EventDate "2021.??.??"]
[EventType "blitz"]

1. e4 e5 2. Nf3 d5 3. exd5 Nf6 4. Nxe5 Bd6 5. d4 O-O 6. Bd3 Nxd5 7. O-O c5 8.
Qh5 g6 9. Nxg6 Nf6 10. Qh4 fxg6 11. Bg5 Be7 12. Bc4+ Kh8 13. dxc5 Nc6 14. Nc3
Ng8 15. Rad1 Bxg5 16. Rxd8 Bxh4 17. Rxf8 Kg7 18. Rxg8+ {Normal} 1-0

[Event "Rated Blitz game"]
[Site "?"]
[Date "2021.05.17"]
[Round "?"]
[White "IsaacSpence"]
[Black "KinzyabulatovRenat"]
[Result "1-0"]
[WhiteElo "2500"]
[BlackElo "2385"]
[PlyCount "59"]
[EventDate "2021.??.??"]
[EventType "blitz"]

1. e4 e5 2. Nf3 d5 3. exd5 e4 4. Qe2 Nf6 5. Nc3 Be7 6. Nxe4 Nxd5 7. d4 O-O 8.
Bd2 Re8 9. O-O-O f5 10. Ng3 Nc6 11. Qd3 Kh8 12. a3 f4 13. Nh5 Rf8 14. Qb3 Bg4
15. Bc4 Nb6 16. Bf7 g6 17. d5 Rxf7 18. dxc6 Kg8 19. Nxf4 Bd6 20. cxb7 Rb8 21.
Ne6 Qf6 22. Neg5 Bxf3 23. gxf3 Rxb7 24. Rde1 Rb8 25. Re6 Qf5 26. Rg1 Rbf8 27.
Nxf7 Rxf7 28. Bc3 h5 29. Re8+ Bf8 30. Kb1 {Time forfeit} 1-0

[Event "Rated Blitz game"]
[Site "?"]
[Date "2021.05.17"]
[Round "?"]
[White "HGabor"]
[Black "KinzyabulatovRenat"]
[Result "0-1"]
[WhiteElo "2445"]
[BlackElo "2416"]
[PlyCount "32"]
[EventDate "2021.??.??"]
[EventType "blitz"]

1. e4 e5 2. Nf3 d5 3. exd5 e4 4. Qe2 Nf6 5. d3 Qxd5 6. Nbd2 Nc6 7. dxe4 Qh5 8.
Qb5 Bc5 9. Be2 O-O 10. O-O a6 11. Qb3 b5 12. c3 Re8 13. Qc2 Bg4 14. Re1 Ne5 15.
h3 Bxh3 16. Nxe5 Qxe5 {Normal} 0-1

[Event "Rated Blitz game"]
[Site "?"]
[Date "2021.05.17"]
[Round "?"]
[White "Miawlet"]
[Black "Polyclinical"]
[Result "1-0"]
[WhiteElo "2793"]
[BlackElo "2800"]
[PlyCount "141"]
[EventDate "2021.??.??"]
[EventType "blitz"]

1. e4 e5 2. Nf3 d5 3. exd5 e4 4. Qe2 Qe7 5. Nd4 Nf6 6. Nc3 Qe5 7. Nb3 Bd6 8. d4
exd3 9. Qxe5+ Bxe5 10. Bxd3 O-O 11. O-O Bxc3 12. bxc3 Nxd5 13. Ba3 Rd8 14. Rad1
Nc6 15. c4 Nc3 16. Ra1 Bg4 17. f3 Bh5 18. Nc5 b6 19. Ne4 Na4 20. c5 Nd4 21.
Rae1 Bg6 22. h4 h5 23. Kh2 Ne6 24. Re3 Rd4 25. Rfe1 Rad8 26. Kg1 Bxe4 27. Bxe4
Naxc5 28. Bf5 g6 29. Bxe6 Nxe6 30. Be7 R8d7 31. Bf6 Rd2 32. Ra3 a5 33. Rc3 R2d5
34. a4 Kf8 35. Rc6 Rd1 36. Rxd1 Rxd1+ 37. Kh2 Ke8 38. Rc4 Kd7 39. g4 Rd5 40.
Re4 c6 41. Kg3 b5 42. c3 Rd3 43. axb5 cxb5 44. c4 b4 45. c5 Kc6 46. gxh5 gxh5
47. Re5 Rd5 48. Re4 Rf5 49. Be7 Nxc5 50. Rc4 Kb5 51. Rc1 Ne6 52. Rd1 Rc5 53.
Bxc5 Nxc5 54. Rd8 a4 55. Rb8+ Kc4 56. Rf8 b3 57. Rc8 Kc3 58. Rb8 Nd3 59. Rc8+
Kb2 60. Rd8 Ka2 61. Rxd3 a3 62. Rd2+ b2 63. Re2 Kb1 64. Re3 a2 65. Ra3 Kc2 66.
Re3 b1=Q 67. Re2+ Kc3 68. Re4 Qd3 69. Re3 Qxe3 70. Kg2 Qd4 71. Kg3 {Time
forfeit} 1-0

[Event "Rated Blitz game"]
[Site "?"]
[Date "2021.05.17"]
[Round "?"]
[White "UVSer"]
[Black "annaly1979"]
[Result "1-0"]
[WhiteElo "2431"]
[BlackElo "2421"]
[PlyCount "101"]
[EventDate "2021.??.??"]
[EventType "blitz"]

1. e4 e5 2. Nf3 d5 3. exd5 e4 4. Ng1 f5 5. d3 Nf6 6. Nc3 Bb4 7. Bd2 Bxc3 8.
Bxc3 O-O 9. Ne2 Nxd5 10. dxe4 fxe4 11. Qd4 Nxc3 12. Qxd8 Rxd8 13. Nxc3 Bf5 14.
Bc4+ Kh8 15. Rd1 Rxd1+ 16. Kxd1 c6 17. Re1 Nd7 18. Nxe4 Nb6 19. Bb3 Rd8+ 20.
Nd2 h6 21. Re7 Bd7 22. Ke2 Nc8 23. Re5 Nd6 24. Ne4 Nb5 25. c3 b6 26. Re7 a5 27.
a4 Nc7 28. Nd6 Bg4+ 29. f3 Rxd6 30. fxg4 Nd5 31. Bxd5 Rxd5 32. Rc7 Rc5 33. Kd3
Kh7 34. h4 h5 35. g5 Kg6 36. b4 axb4 37. cxb4 Rc1 38. a5 bxa5 39. bxa5 Ra1 40.
Rxc6+ Kf5 41. a6 Ra4 42. g3 Ra3+ 43. Kd4 Rxg3 44. Kc5 Ra3 45. Kb6 Rb3+ 46. Kc7
Ra3 47. Kb7 Rb3+ 48. Rb6 Ra3 49. a7 Rxa7+ 50. Kxa7 Kg4 51. Rb4+ {Normal} 1-0

[Event "Rated Blitz game"]
[Site "?"]
[Date "2021.05.17"]
[Round "?"]
[White "Share-Kindness"]
[Black "magos33"]
[Result "1-0"]
[WhiteElo "2429"]
[BlackElo "2359"]
[PlyCount "131"]
[EventDate "2021.??.??"]
[EventType "blitz"]

1. e4 e5 2. Nf3 d5 3. exd5 e4 4. Nd4 Qxd5 5. Nb3 Nf6 6. Nc3 Qe5 7. Be2 Bd6 8.
d4 exd3 9. Qxd3 Bf5 10. Qb5+ Nbd7 11. Qxe5+ Bxe5 12. Bd1 O-O-O 13. O-O Rhe8 14.
h3 Bxc3 15. bxc3 Ne4 16. c4 Ne5 17. c5 Nc3 18. Bg5 f6 19. Bf4 Nxd1 20. Raxd1
Bxc2 21. Rc1 Bxb3 22. Bxe5 Rxe5 23. axb3 c6 24. Rc4 Rdd5 25. Rfc1 Re2 26. Rg4
g6 27. Kf1 Rdd2 28. Rf4 f5 29. g4 Re5 30. b4 Kd7 31. Rcc4 a6 32. gxf5 Rxf5 33.
Rxf5 gxf5 34. Rh4 Rb2 35. Rxh7+ Kc8 36. Rh4 a5 37. bxa5 Rc2 38. Rf4 Rxc5 39. h4
Kd7 40. h5 Ke6 41. Rb4 Rxa5 42. Rxb7 Ra8 43. Ke2 Rh8 44. Rc7 Kd6 45. Rf7 Rxh5
46. Rf6+ Kd5 47. Rf8 c5 48. Rd8+ Kc4 49. Kf3 Kc3 50. Kf4 c4 51. Ke3 Rh3+ 52. f3
Kb3 53. Rb8+ Kc2 54. Rc8 c3 55. Rc5 Kb2 56. Rb5+ Kc1 57. Rc5 c2 58. Ke2 Rh2+
59. Kd3 Kd1 60. Ke3 c1=Q+ 61. Rxc1+ Kxc1 62. Kf4 Rf2 63. Kg3 Rf1 64. Kf4 Kd2
65. Kg3 Ke2 66. Kg2 {Time forfeit} 1-0

[Event "Rated Blitz tournament OMkBLXKX"]
[Site "?"]
[Date "2021.05.17"]
[Round "?"]
[White "ljuks"]
[Black "VVV-31"]
[Result "1/2-1/2"]
[WhiteElo "2451"]
[BlackElo "2308"]
[PlyCount "116"]
[EventDate "2021.??.??"]
[EventType "blitz"]

1. e4 e5 2. Nf3 d5 3. exd5 Bd6 4. Nc3 Nf6 5. d3 h6 6. Ne4 Nxd5 7. c4 Nf6 8. c5
Nxe4 9. dxe4 Bxc5 10. Qxd8+ Kxd8 11. Nxe5 Be6 12. Be2 Nd7 13. Nd3 Bb6 14. O-O
Ke7 15. Bf4 Rac8 16. Rac1 Rhd8 17. a3 c6 18. Rfd1 Nf6 19. Bf3 Bb3 20. Rd2 Ba5
21. Nb4 Rxd2 22. Bxd2 Rd8 23. Nxc6+ bxc6 24. Bxa5 Rd7 25. Bb4+ Kd8 26. Ba5+ Ke7
27. e5 Nd5 28. Rxc6 Nf4 29. Bb4+ Kd8 30. Bd6 Bd5 31. Bxd5 Nxd5 32. g3 Rb7 33.
b4 Kd7 34. Rc5 Nb6 35. f4 Na4 36. Rc2 Nb6 37. Kg2 Nd5 38. Kf3 f5 39. g4 fxg4+
40. Ke4 Nf6+ 41. Kf5 Nd5 42. Rc5 Ne3+ 43. Ke4 Nf1 44. Rc2 h5 45. Rf2 g3 46.
Rxf1 gxh2 47. Rh1 Rb5 48. Rxh2 a5 49. Rxh5 axb4 50. axb4 Kc6 51. Rh7 Rb8 52.
Rxg7 Rh8 53. Rc7+ Kb6 54. e6 Rh6 55. e7 Rxd6 56. e8=Q Re6+ 57. Qxe6+ Kb5 58.
Qe5+ Ka4 {Time forfeit} 1/2-1/2

[Event "Rated Blitz game"]
[Site "?"]
[Date "2021.05.17"]
[Round "?"]
[White "TRapid_Man"]
[Black "hkn967"]
[Result "0-1"]
[WhiteElo "2381"]
[BlackElo "2567"]
[PlyCount "81"]
[EventDate "2021.??.??"]
[EventType "blitz"]

1. e4 e5 2. Nf3 d5 3. exd5 e4 4. Qe2 Nf6 5. Nc3 Be7 6. Nxe4 Nxd5 7. d4 O-O 8.
c4 Nb4 9. a3 Re8 10. axb4 Bxb4+ 11. Bd2 Bf5 12. Bxb4 Rxe4 13. O-O-O Rxe2 14.
Bxe2 Qe8 15. Rhe1 Qa4 16. Bd3 Bxd3 17. Rxd3 Qxb4 18. Re8+ Qf8 19. Rxf8+ Kxf8
20. d5 Nd7 21. Nd4 Re8 22. Nb5 a6 23. Nxc7 Re4 24. b3 Nc5 25. Rh3 Nxb3+ 26.
Rxb3 Rxc4+ 27. Kd2 Rxc7 28. Kd3 b5 29. Ra3 Ra7 30. Kd4 Ke7 31. Kc5 Rc7+ 32. Kb6
Kd6 33. Rf3 b4 34. Kxa6 Kxd5 35. Kb5 Rb7+ 36. Ka4 Kc4 37. Rf4+ Kc3 38. Rf3+ Kc2
39. Rf5 b3 40. Rc5+ Kd3 41. Rc1 {Normal} 0-1

[Event "Rated Blitz game"]
[Site "?"]
[Date "2021.05.17"]
[Round "?"]
[White "BLITZ16"]
[Black "KinzyabulatovRenat"]
[Result "0-1"]
[WhiteElo "2403"]
[BlackElo "2402"]
[PlyCount "48"]
[EventDate "2021.??.??"]
[EventType "blitz"]

1. e4 e5 2. Nf3 d5 3. exd5 e4 4. Nd4 Qxd5 5. c3 Nf6 6. Be2 Bd6 7. O-O O-O 8. d3
Nbd7 9. dxe4 Nxe4 10. Bf3 Ndf6 11. Nd2 Qe5 12. g3 Bh3 13. Nxe4 Nxe4 14. Bf4 Qe7
15. Re1 f5 16. Qb3+ Kh8 17. Bxd6 Qxd6 18. Nxf5 Rxf5 19. Bxe4 Rxf2 20. Kxf2 Qd2+
21. Re2 Rf8+ 22. Bf3 Qd3 23. c4 Rxf3+ 24. Kg1 Qxe2 {Normal} 0-1

[Event "Rated Rapid game"]
[Site "?"]
[Date "2021.05.17"]
[Round "?"]
[White "EnesYusufKamis34"]
[Black "Delyvj"]
[Result "1-0"]
[WhiteElo "2491"]
[BlackElo "2419"]
[PlyCount "99"]
[EventDate "2021.??.??"]
[EventType "rapid"]

1. e4 e5 2. Nf3 d5 3. exd5 e4 4. Qe2 f5 5. d3 Qxd5 6. Nbd2 Nf6 7. dxe4 fxe4 8.
c4 Qf5 9. Nd4 Qe5 10. N4f3 Qe7 11. Ng5 Bf5 12. g3 Nc6 13. Nb3 h6 14. Nh3 Ne5
15. Bg2 Bg4 16. Qe3 Nd3+ 17. Kf1 Bf5 18. Nd4 Ng4 19. Qe2 g6 20. Nxf5 gxf5 21.
f3 exf3 22. Qxd3 fxg2+ 23. Kxg2 Rd8 24. Qxf5 Qe2+ 25. Nf2 Rd4 26. b3 Bg7 27.
Qg6+ Kd8 28. Qxg7 Qxf2+ 29. Kh3 Re8 30. Bf4 Ne5 31. Rad1 c5 32. Rhf1 Qe2 33.
Rxd4+ cxd4 34. Qf6+ Kc8 35. Qf5+ Kd8 36. Qf6+ Kd7 37. Bxe5 Rxe5 38. Qf7+ Kc8
39. Qf8+ Re8 40. Qf5+ Kb8 41. Rf4 d3 42. Rd4 d2 43. Qf4+ Ka8 44. Rxd2 Qh5+ 45.
Qh4 Qf5+ 46. Qg4 Qf1+ 47. Rg2 a6 48. Qf4 Qd1 49. Qf2 Qd7+ 50. Qf5 {Time forfeit
} 1-0

[Event "Rated Blitz game"]
[Site "?"]
[Date "2021.05.17"]
[Round "?"]
[White "RobertGutierez_UNMSM"]
[Black "KinzyabulatovRenat"]
[Result "0-1"]
[WhiteElo "2454"]
[BlackElo "2435"]
[PlyCount "102"]
[EventDate "2021.??.??"]
[EventType "blitz"]

1. e4 e5 2. Nf3 d5 3. Nxe5 Bd6 4. d4 dxe4 5. Nc4 Nf6 6. Nc3 O-O 7. Be2 Nc6 8.
O-O Nxd4 9. Bg5 Re8 10. Re1 c5 11. Bf3 exf3 12. Rxe8+ Qxe8 13. Bxf6 Ne2+ 14.
Nxe2 fxe2 15. Qe1 gxf6 16. Nxd6 Qe6 17. Nb5 Bd7 18. Nc3 Re8 19. Qd2 Bc6 20. Re1
Qg4 21. Nd5 Kg7 22. c4 Qxc4 23. Ne3 Qd4 24. Nf5+ Kg6 25. Nxd4 cxd4 26. Qxd4 Re4
27. Qd3 f5 28. Qxe4 fxe4 29. Rxe2 f5 30. Re3 f4 31. Rc3 Kf5 32. a3 a5 33. g3 a4
34. gxf4 Kxf4 35. Re3 h5 36. Kf1 h4 37. Ke1 Bb5 38. Kd2 b6 39. Kc3 Bf1 40. Kd4
Bg2 41. Kd5 b5 42. Kc6 Bf1 43. Kc5 Bc4 44. Kd4 Bd3 45. f3 exf3 46. Kxd3 f2 47.
Re4+ Kf3 48. Re8 Kg2 49. Kd4 Kxh2 50. Rg8 f1=Q 51. Rf8 Qxf8 {Time forfeit} 0-1

[Event "Rated Blitz game"]
[Site "?"]
[Date "2021.05.17"]
[Round "?"]
[White "mango_toxico"]
[Black "Polyclinical"]
[Result "1-0"]
[WhiteElo "2643"]
[BlackElo "2797"]
[PlyCount "81"]
[EventDate "2021.??.??"]
[EventType "blitz"]

1. e4 e5 2. Nf3 d5 3. exd5 e4 4. Ne5 Qxd5 5. Nc4 Nf6 6. Nc3 Qe6 7. Ne3 Bc5 8.
d4 exd3 9. Bxd3 O-O 10. O-O Rd8 11. Re1 Nc6 12. Ned5 Nxd5 13. Rxe6 Bxe6 14.
Nxd5 Rxd5 15. Be3 Bxe3 16. fxe3 Ne5 17. Qe2 Rad8 18. e4 R5d6 19. h3 c5 20. b3
Nxd3 21. cxd3 Rxd3 22. Rc1 b6 23. Rc2 h6 24. Kh2 a5 25. Qf2 R3d4 26. e5 a4 27.
bxa4 Rxa4 28. Rb2 Rc8 29. Qd2 b5 30. Rxb5 Rxa2 31. Qd6 c4 32. Rb8 Rxb8 33.
Qxb8+ Kh7 34. Qb1+ g6 35. Qxa2 h5 36. Qc2 Kh6 37. Qd2+ Kg7 38. Kg3 f6 39. exf6+
Kxf6 40. Qd4+ Kf5 41. Qf4# {Normal} 1-0

[Event "Rated Blitz game"]
[Site "?"]
[Date "2021.05.17"]
[Round "?"]
[White "Udemzo"]
[Black "KinzyabulatovRenat"]
[Result "0-1"]
[WhiteElo "2488"]
[BlackElo "2407"]
[PlyCount "92"]
[EventDate "2021.??.??"]
[EventType "blitz"]

1. e4 e5 2. Nf3 d5 3. exd5 e4 4. Qe2 Nf6 5. d3 Qxd5 6. Nbd2 Nc6 7. Nxe4 Be6 8.
Nfg5 O-O-O 9. Nxf6 gxf6 10. Nxe6 fxe6 11. Be3 Rg8 12. Qf3 Qxf3 13. gxf3 f5 14.
O-O-O Nd4 15. f4 c5 16. c3 Nc6 17. Be2 Bd6 18. Rhg1 Rg6 19. Rg3 Rh6 20. h3 Rh4
21. Rf3 Rg8 22. Rh1 Kd7 23. a4 a6 24. Kc2 Rg6 25. Rg3 Bxf4 26. Rxg6 hxg6 27.
Rg1 Bxe3 28. fxe3 Ne7 29. Bf3 b6 30. Bg2 Rxa4 31. Re1 Rh4 32. e4 Kd6 33. e5+
Kd7 34. Ra1 a5 35. Rf1 g5 36. Rh1 Ng6 37. Re1 Nf4 38. Bf1 Nxh3 39. Bxh3 Rxh3
40. Re2 g4 41. Kd2 f4 42. Re4 Rf3 43. d4 Rf2+ 44. Kd3 g3 45. dxc5 bxc5 46. Re1
g2 {Normal} 0-1

[Event "Rated Blitz game"]
[Site "?"]
[Date "2021.05.17"]
[Round "?"]
[White "MetiForce"]
[Black "Topolak"]
[Result "1-0"]
[WhiteElo "2437"]
[BlackElo "2260"]
[PlyCount "67"]
[EventDate "2021.??.??"]
[EventType "blitz"]

1. e4 e5 2. Nf3 d5 3. exd5 e4 4. Qe2 Nf6 5. Nc3 Be7 6. Nxe4 O-O 7. Nxf6+ Bxf6
8. d3 Qxd5 9. c3 Nc6 10. Be3 Bg4 11. h3 Bh5 12. g4 Bg6 13. d4 Rfe8 14. Bg2 Be4
15. O-O h5 16. Ne1 Bxg2 17. Nxg2 Bxd4 18. cxd4 Nxd4 19. Qd1 Nf3+ 20. Kh1 Qe4
21. Qb1 hxg4 22. Qxe4 Rxe4 23. Ne1 Ne5 24. Rg1 gxh3 25. Rd1 f5 26. Rd4 Rxd4 27.
Bxd4 Nc6 28. Bxg7 Kf7 29. Bc3 Ke6 30. Nc2 Rd8 31. Ne3 f4 32. Rg6+ Kf7 33. Rf6+
Ke7 34. Rxf4 {Normal} 1-0

[Event "Rated Blitz game"]
[Site "?"]
[Date "2021.05.17"]
[Round "?"]
[White "fonso96"]
[Black "annaly1979"]
[Result "1-0"]
[WhiteElo "2441"]
[BlackElo "2435"]
[PlyCount "105"]
[EventDate "2021.??.??"]
[EventType "blitz"]

1. e4 e5 2. Nf3 d5 3. Nxe5 Qe7 4. d4 f6 5. Nf3 dxe4 6. Ng1 f5 7. c3 Nf6 8. Ne2
Nc6 9. g3 Be6 10. Nd2 Qf7 11. Nb3 Bd6 12. Nf4 Bxf4 13. Bxf4 O-O 14. Bg2 Rad8
15. O-O Nd5 16. Bd2 b6 17. c4 Nf6 18. d5 Bc8 19. dxc6 Qxc4 20. Qc1 Qe2 21. Bg5
Nd5 22. Bxd8 Rxd8 23. Re1 Qh5 24. Qc4 Be6 25. Rad1 Rd6 26. Qe2 Qg6 27. Nd4 Bf7
28. a3 a6 29. Qxa6 h5 30. Qc8+ Kh7 31. Bh3 Be6 32. Nxe6 Rxe6 33. Rxd5 Qf7 34.
Bxf5+ Rg6 35. Bxg6+ Kxg6 36. Qd7 Qf3 37. Qe6+ Kh7 38. Qf5+ Qxf5 39. Rxf5 Kg6
40. Re5 e3 41. R5xe3 h4 42. Re7 hxg3 43. Rxc7 gxf2+ 44. Kxf2 Kf5 45. Ree7 g5
46. Rg7 Kg4 47. Rb7 b5 48. Rxb5 Kf4 49. Rbxg5 Ke4 50. c7 Kd3 51. c8=Q Kd2 52.
Re7 Kd3 53. Rd5# {Normal} 1-0

[Event "Rated Blitz game"]
[Site "?"]
[Date "2021.05.17"]
[Round "?"]
[White "EminovOrkhan"]
[Black "greenbubbl_e"]
[Result "0-1"]
[WhiteElo "2540"]
[BlackElo "2727"]
[PlyCount "60"]
[EventDate "2021.??.??"]
[EventType "blitz"]

1. e4 e5 2. Nf3 d5 3. Nc3 d4 4. Ne2 Bd6 5. Ng3 h5 6. Bc4 h4 7. Nf5 Bxf5 8. exf5
Nc6 9. d3 Qf6 10. Bg5 Qxf5 11. Bxh4 f6 12. Bg3 O-O-O 13. c3 Bc5 14. O-O Bb6 15.
Qb3 Kb8 16. Be6 Qxd3 17. Rfd1 Qh7 18. cxd4 Bxd4 19. Rac1 Nge7 20. Qa4 Rd6 21.
Bc4 g5 22. Bd3 Bxf2+ 23. Bxf2 Rxd3 24. Re1 Rxf3 25. gxf3 Qxh2+ 26. Kf1 g4 27.
Qxg4 Rg8 28. Qe6 Rg2 29. Rc2 Nd4 30. Qg4 Qh1+ {Normal} 0-1